| 000 | 00000nam##2200000za#4500 |
| 001 | 9.578591 |
| 003 | CaOODSP |
| 005 | 20210624190147 |
| 007 | cr ||||||||||| |
| 008 | 150406|1988||||xxc|||||o f|0| 0 eng|d |
| 022 | |a1488-5379 |
| 040 | |aCaOODSP|beng |
| 043 | |an-cn--- |
| 086 | 1 |aFs97-6/1621E-PDF |
| 110 | 1 |aCanada. |bDepartment of Fisheries and Oceans. |
| 245 | 10|aNear-shore migratory behavior and exploitation of maturing pink salmon (Oncorhynchus gorbuscha) from the Canadian Department of Fisheries and Oceans – Statistical Area 6 in 1985 / |h[electronic resource]|cby M.A. Henderson. |
| 260 | |aVancouver - British Columbia : |bFisheries and Oceans Canada |c1988. |
| 300 | |a26p.|bfigs., tables |
| 490 | 1 |aCanadian technical report of fisheries and aquatic sciences|x1488-5379|vNo. 1621 |
| 500 | |aOn t.p.: Fisheries Research Branch, Vancouver, British Columbia. The catalogue number and ISSN for the print edition appear in the PDF version. |
| 546 | |a(Résumé en français) |
| 590 | |a14-03-Supp|b2014-01-17 |
| 720 | 1 |aHenderson, M. A. |
| 830 | #0|aCanadian technical report of fisheries and aquatic sciences,|x1488-5379|vNo. 1621|w(CaOODSP)9.504449 |
| 856 | 40|ahttp://publications.gc.ca|qPDF|s1511 KB|uhttps://publications.gc.ca/collections/collection_2014/mpo-dfo/Fs97-6-1621-eng.pdf|yNo. 1621 |